| 000 | 00534nam a2200229Ia 4500 | ||
|---|---|---|---|
| 008 | 210210b1893 xxu||||| |||| 00| 0 eng d | ||
| 041 | _aeng | ||
| 082 | _a590/98 | ||
| 100 | _aGAMGEE (A) | ||
| 245 | _aText book of the physiological chemistry of the animal body | ||
| 260 |
_aLondon _bMacmillan & Co. Ltd. _c1893 |
||
| 650 | _athe | ||
| 650 | _aText | ||
| 650 | _aphysiological | ||
| 650 | _aof | ||
| 650 | _achemistry | ||
| 650 | _abook | ||
| 650 | _abody | ||
| 650 | _aanimal | ||
| 690 | _aZoology | ||
| 906 | _a010670 | ||
| 999 |
_c138441 _d138441 |
||